Ways of reading : (Record no. 21595)

MARC details
000 -LEADER
fixed length control field 01647cam a22004335i 4500
001 - CONTROL NUMBER
control field 17198491
003 - CONTROL NUMBER IDENTIFIER
control field EG-ScBUE
005 - DATE AND TIME OF LATEST TRANSACTION
control field 20201128023716.0
008 - FIXED-LENGTH DATA ELEMENTS--GENERAL INFORMATION
fixed length control field 120307s2013 enka f bd 001 0 eng d
020 ## - INTERNATIONAL STANDARD BOOK NUMBER
International Standard Book Number 9780415677479
020 ## - INTERNATIONAL STANDARD BOOK NUMBER
International Standard Book Number 0415677475
040 ## - CATALOGING SOURCE
Original cataloging agency DLC
Language of cataloging eng
Description conventions rda
Transcribing agency DLC
Modifying agency EG-ScBUE
-- EG-ScBUE
082 04 - DEWEY DECIMAL CLASSIFICATION NUMBER
Classification number 808.042
Item number MON
Edition number 22
100 1# - MAIN ENTRY--PERSONAL NAME
Personal name Montgomery, Martin,
Relator term author.
245 10 - TITLE STATEMENT
Title Ways of reading :
Remainder of title advanced reading skills for students of English literature /
Statement of responsibility, etc Martin Montgomery [and three other].
250 ## - EDITION STATEMENT
Edition statement Fourth edition.
264 #1 - PUBLICATION, DISTRIBUTION, ETC. (IMPRINT)
Place of publication, distribution, etc Abingdon, Oxon ;
-- New York :
Name of publisher, distributor, etc Routledge / Taylor & Francis Group,
Date of publication, distribution, etc 2013.
300 ## - PHYSICAL DESCRIPTION
Extent ix, 374 pages :
Other physical details illustrations ;
Dimensions 26 cm
336 ## - CONTENT TYPE
Content type term text
Content type code txt
Source rdacontent
337 ## - MEDIA TYPE
Media type term unmediated
Media type code n
Source rdamedia
338 ## - CARRIER TYPE
Carrier type term volume
Carrier type code nc
Source rdacarrier
500 ## - GENERAL NOTE
General note Glossary : p. [337]-357.
504 ## - BIBLIOGRAPHY, ETC. NOTE
Bibliography, etc Includes bibliographical references and index.
520 ## - SUMMARY, ETC.
Summary, etc Provides readers with the tools to analyse and interpret the meanings of literary and non-literary texts.
650 #7 - SUBJECT ADDED ENTRY--TOPICAL TERM
Topical term or geographic name as entry element English literature
General subdivision History and criticism
-- Theory, etc.
Source of heading or term BUEsh
9 (RLIN) 39793
650 #7 - SUBJECT ADDED ENTRY--TOPICAL TERM
Topical term or geographic name as entry element Discourse analysis, Literary.
Source of heading or term BUEsh
9 (RLIN) 40654
650 #7 - SUBJECT ADDED ENTRY--TOPICAL TERM
Topical term or geographic name as entry element Reading (Higher education).
Source of heading or term BUEsh
9 (RLIN) 14348
650 #7 - SUBJECT ADDED ENTRY--TOPICAL TERM
Topical term or geographic name as entry element Reading comprehension.
Source of heading or term BUEsh
9 (RLIN) 13995
650 #7 - SUBJECT ADDED ENTRY--TOPICAL TERM
Topical term or geographic name as entry element Books and reading.
Source of heading or term BUEsh
9 (RLIN) 28974
650 #7 - SUBJECT ADDED ENTRY--TOPICAL TERM
Topical term or geographic name as entry element College readers.
Source of heading or term BUEsh
9 (RLIN) 1110
651 ## - SUBJECT ADDED ENTRY--GEOGRAPHIC NAME
Source of heading or term BUEsh
653 ## - INDEX TERM--UNCONTROLLED
Arrived date list April2016
653 ## - INDEX TERM--UNCONTROLLED
Resource For college Humanities: English
Arrived date list August 2016
653 ## - INDEX TERM--UNCONTROLLED
Resource For college Humanities: English
Arrived date list October2016
700 1# - ADDED ENTRY--PERSONAL NAME
Personal name Durant, Alan,
Relator term author.
700 1# - ADDED ENTRY--PERSONAL NAME
Personal name Furniss, Tom,
Relator term author.
9 (RLIN) 41300
700 1# - ADDED ENTRY--PERSONAL NAME
Personal name Mills, Sara,
Relator term author.
942 ## - ADDED ENTRY ELEMENTS (KOHA)
Source of classification or shelving scheme Dewey Decimal Classification
Koha item type Book - Borrowing
Holdings
Withdrawn status Lost status Source of classification or shelving scheme Damaged status Not for loan Collection code Home library Current library Shelving location Date acquired Source of acquisition Cost, normal purchase price Total Checkouts Full call number Barcode Date last seen Cost, replacement price Price effective from Koha item type Serial Enumeration / chronology Checked out Date checked out
    Dewey Decimal Classification       Central Library Central Library Second Floor 05/04/2016 Purchase 299.00   808.042 MON 000032299 15/07/2025 373.75 05/04/2016 Book - Borrowing      
    Dewey Decimal Classification     Baccah Central Library Central Library Second Floor 31/08/2016 Purchase 357.00 2 808.042 MON 000033513 13/04/2025 447.00 31/08/2016 Book - Borrowing 26103 13/05/2025 13/04/2025
    Dewey Decimal Classification     Baccah Central Library Central Library Second Floor 23/10/2016 Purchase 410.00 1 808.042 MON 000034429 15/07/2025     Book - Borrowing     16/11/2016